| 000 | 00436nam a22001817a 4500 | ||
|---|---|---|---|
| 003 | CEME | ||
| 005 | 20210628202757.0 | ||
| 008 | 210204b xxu||||| |||| 00| 0 eng d | ||
| 040 | _c. | ||
| 082 | _a510 MAT | ||
| 100 |
_aYee, Lee Peng Seng, Teh Keng _961574 |
||
| 245 | _aMathematics -3 | ||
| 250 | _a4TH | ||
| 260 |
_aNEW YORK _bOXFORD UNIVERSITY _c2001 |
||
| 300 | _aIX,372P | ||
| 650 |
_a0-19-579520-2 _961575 |
||
| 942 |
_cBK _2ddc |
||
| 999 |
_c570982 _d570982 |
||